Boynton's guide to compulsory purchase and compensation

Bibliographic Details
Main Authors: Boynton, John, Sir (Author), Hawkins, David J. (Author)
Format: Book
Language:English
Published: London : Oyez Longman 1983
Edition:Fifth Edition
Subjects:

MARC

LEADER 00000cam a2200000 7i4500
001 0000026152
005 20241115.0
008 150609 enk eng
020 |a 0851207138 
040 |a INS   |b eng   |e rda 
090 0 0 |a KD1185   |b .D459 1983 
100 1 |a Boynton, John, Sir ,   |e author 
245 1 0 |a Boynton's guide to compulsory purchase and compensation   |c Sir John Boynton and David J Hawkins 
250 |a Fifth Edition 
264 1 |a London :   |b Oyez Longman   |c 1983 
300 |a xxxvi, 321 pages ;   |c 21 cm. 
336 |a text  |2 rdacontent 
337 |a unmediated  |2 rdamedia 
338 |a volume  |2 rdacarrier 
500 |a Includes index 
650 0 |a Compensation (Law)   |z United Kingdom 
650 0 |a Eminent domain   |z United Kingdom 
700 1 |a Hawkins, David J. ,   |e author 
999 |a 0000021883   |b BOOK   |c Open Shelf   |e Default branch